Statystyki dla Samochody według kraju.

Kliknij tutaj aby rozwiązać quiz!

Ogólne statystyki

  • Ten quiz został rozwiązany 803 razy
  • Średni wynik to 23 z 30

Statystyki odpowiedzi

MarkaPaństwo% Poprawnych
BMWNiemcy
99%
ToyotaJaponia
97%
LamborghiniWłochy
93%
FordStany Zjednoczone
91%
HondaJaponia
90%
ChevroletStany Zjednoczone
90%
TeslaStany Zjednoczone
90%
FiatWłochy
88%
VolkswagenNiemcy
87%
PorscheNiemcy
87%
SuzukiJaponia
86%
FerrariWłochy
86%
NissanJaponia
82%
PeugeotFrancja
81%
MazdaJaponia
81%
VolvoSzwecja
81%
CitroënFrancja
80%
HyundaiKorea Południowa
80%
LadaRosja
79%
Alfa RomeoWłochy
79%
ŠkodaCzechy
78%
ChryslerStany Zjednoczone
78%
Rolls-RoyceWielka Brytania
77%
KiaKorea Południowa
73%
Aston MartinWielka Brytania
73%
SeatHiszpania
65%
DaciaRumunia
54%
TataIndie
47%
GeelyChiny
42%
HoldenAustralia
36%

Rozkład punktacji

Percentyl według liczby udzielonych odpowiedzi

Procent ludzi z każdym wynikiem

Twoja historia wyników

Nie rozwiązałeś tego quizu